LEADER 01261nam0 2200301 i 450 001 SUN0002808 005 20140214094859.655 020 $aIT$b84 300 100 $a20020704d1983 |0itac50 ba 101 $aita 102 $aIT 105 $a|||| ||||| 200 1 $aˆLa ‰scriminante dell'art. 51 Cp e le libertà costituzionali$fAlessio Lanzi 210 $aMilano$cGiuffrè$d1983 215 $a108 p.$d25 cm. 410 1$1001SUN0004293$12001 $aPubblicazioni della Facoltà di giurisprudenza. Nuova serie$fUniversità degli studi di Parma$v53$1210 $aPadova$cCEDAM. 517 1$3SUN0077477$aˆLa ‰scriminante dell'articolo cinquantuno Cp e le liberta costituzionali 606 $aNorma penale$2FI$3SUNC002007 606 $aPunibilita$2FI$3SUNC002008 620 $dMilano$3SUNL000284 676 $a345$cDiritto Penale$v21 700 1$aLanzi$b, Alessio$3SUNV001967$0114847 712 $aGiuffrè$3SUNV001757$4650 801 $aIT$bSOL$c20181231$gRICA 912 $aSUN0002808 950 $aUFFICIO DI BIBLIOTECA DEL DIPARTIMENTO DI GIURISPRUDENZA$d00CONS XIV.Ea.9 $e00 1198 20020704 996 $aScriminante dell'art. 51 c.p. e le libertà costituzionali$9646354 997 $aUNICAMPANIA